The politics: (Record no. 204804)

MARC details
000 -LEADER
fixed length control field 00628nam a22002057a 4500
005 - DATE AND TIME OF LATEST TRANSACTION
control field 20241011151159.0
010 ## - LCCN (DPL NO)
LC control number ENG-141182 ENG-142127
020 ## - INTERNATIONAL STANDARD BOOK NUMBER
International Standard Book Number 9789357943468
Terms of availability 495.00
035 ## - SYSTEM CONTROL NUMBER
System control number EN-124714
035 ## - SYSTEM CONTROL NUMBER
System control number EN-125659
037 ## - SOURCE OF ACQUISITION
Source of stock number/acquisition DBAD
082 ## - DEWEY DECIMAL CLASSIFICATION NUMBER
Classification number 320.01
100 ## - MAIN ENTRY--PERSONAL NAME
Personal name Aristotle
245 ## - TITLE STATEMENT
Title The politics:
Statement of responsibility, etc By Aristotle
Remainder of title A Treatise On Government/
260 ## - PUBLICATION, DISTRIBUTION, ETC. (IMPRINT)
Place of publication, distribution, etc New delhi
Name of publisher, distributor, etc V & S publishers
Date of publication, distribution, etc 2017
270 ## - ADDRESS
Address F-2/16, Ansari Road, Dayaraganj
City New delhi
Postal code 110002
Electronic mail address info@vspublishers.com
300 ## - PHYSICAL DESCRIPTION
Extent 300P.
Dimensions 22cm
700 ## - ADDED ENTRY--PERSONAL NAME
Personal name Aristotle
9 (RLIN) 69417
942 ## - ADDED ENTRY ELEMENTS (KOHA)
Source of classification or shelving scheme Dewey Decimal Classification
Item type English Books
Classification part 320.01
Call number suffix Ari
Holdings
Withdrawn status Lost status Not for loan Collection code Home library Current library Date acquired Source of acquisition Cost, normal purchase price Full call number Barcode Copy number Cost, replacement price Koha item type
      Non-fiction Kadipur Kadipur 11/10/2024 Delivery of Books Act Division 495.00 320.01 ARI EN-125659 1 495.00 English Books
      Non-fiction Patel Nagar Patel Nagar 05/08/2024 DBAD 350.00 320.01 ARI EN-124714 1 350.00 English Books

© Delhi Public Library
Hit Counter
free hit counter